Suomalaiset maastohiihdon arvokisakultamitalistit 2000-luvulla - Statistics

Yleistilastot
  • Tätä visaa on pelattu 55 kertaa
  • Keskiarvotulos 18 / 22
Vastaustilastot
Hint Vastaus % Oikein
Peking 2022 Iivo Niskanen miesten 15 km (p)
100%
Pyeongchang 2018 Iivo Niskanen miesten 50 km (p)
100%
Lahti 2017 Iivo Niskanen miesten 15 km (p)
100%
Sochi 2014 Iivo Niskanen miesten parisprintti (p)
100%
Liberec 2009 Aino-Kaisa Saarinen naisten 10 km (p)
90%
Liberec 2009 Aino-Kaisa Saarinen naisten viesti (p+v)
90%
Liberec 2009 Aino-Kaisa Saarinen parisprintti (p)
90%
Sapporo 2007 Aino-Kaisa Saarinen naisten viesti (p+v)
90%
Sochi 2014 Sami Jauhojärvi miesten parisprintti (p)
90%
Liberec 2009 Virpi Kuitunen naisten viesti (p+v)
90%
Liberec 2009 Virpi Kuitunen parisprintti (p)
90%
Sapporo 2007 Virpi Kuitunen naisten 30 km (p)
90%
Sapporo 2007 Virpi Kuitunen naisten viesti (p+v)
90%
Sapporo 2007 Virpi Kuitunen naisten parisprintti (v)
90%
Lahti 2001 Virpi Kuitunen naisten takaa-ajo (p+v)
90%
Oslo 2011 Matti Heikkinen miesten 15 km (p)
82%
Liberec 2009 Riitta-Liisa Roponen naisten viesti (p+v)
71%
Sapporo 2007 Riitta-Liisa Roponen naisten viesti (p+v)
71%
Sapporo 2007 Riitta-Liisa Roponen naisten parisprintti (v)
71%
Liberec 2009 Pirjo Muranen naisten viesti (p+v)
59%
Sapporo 2007 Pirjo Manninen naisten viesti (p+v)
53%
Lahti 2001 Pirjo Manninen naisten sprintti (v)
53%
Ehtoja vastaavia visoja ei löytynyt
Tulosjakauma
Jokaisen tuloksen saaneiden osuus
Persentiili vastausten määrän mukaan
Tuloshistoriasi
Et ole pelannut tätä visaa